Statistics for Iron Man (2008) All Characters

Click here to take the quiz!

General Stats

  • This quiz has been taken 11 times
  • The average score is 7 of 9

Answer Stats

HintAnswer% Correct
Robert Downey Jr.Iron Man/Tony Stark
100%
Gwyneth PaltrowPepper Potts
100%
Jon FavreauHappy Hogan
83%
Samuel L. JacksonNick Fury
83%
Clark GreggAgent Phil Coulson
67%
Jeff BridgesIron Monger/Obadiah Stane
67%
Terrance HowardJim Rhodes
67%
HimselfStan Lee
67%
Shaun ToubHo Yinsen
33%

Score Distribution

Percentile by Number Answered

Percent of People with Each Score

Your Score History

You have not taken this quiz